000 01257cab a2200265 4500
001 ##L132576
008 060220n2006 000 0 eng u
035 _a(Sirsi) u132576
041 0 _aeng
100 1 _aCohen, Roger
245 0 0 _aCommerical property update
260 _c2006
490 0 _aNew Law Journal
_v156(7211) 10 February 2006, 232-233(2)
520 _aExamines commercial property cases covering a tenant's right to set off. It looks at the various circumstances where it is applicable, under the Landlord and Tenant (Covenants) Act 1995; and discusses the difficulties created by a reluctant recipient of a break notice for the lease breaker.
590 _aIKA280206
650 2 4 _aEDLINGTON PROPERTIES V J H FENNER & CO LIMITED
650 2 4 _aMUSCAT V SMITH
650 2 4 _aLONDON DIOCESAN FUND AND OTHERS V AVONRIDGE PROPERTY COMPANY LIMITED
650 2 4 _aAKICI V L R BUTLIN LTD
650 2 4 _aLITTMAN AND ANOTHER V ASPEN OIL (BROKING) LTD
650 2 4 _aFITZROY HOUSE EPWORTH STREET (NO. 1) LTD AND ANOTHER V THE FINANCIAL TIMES
690 _aPROPERTY-COMMERCIAL PROPERTY-LEASEHOLD COMMERCIAL PROPERTY-COMMERCIAL LANDLORD AND TENANT-COMMERCIAL LEASES-BREACHING COMMERCIAL LEASES
700 1 _aThompson, Melissa
942 _n0
999 _c76500
_d76500